000 00645nam a2200205 a 4500
001 000009805
005 20240412074213.0
008 091001s1978 dr r 001 p spa d
040 _aDO-SdBNP
_bspa
_cBNPHU
082 _aRD861.44
_bC745ro
100 1 _aConde Pausas, Alfredo
_924702
245 1 0 _aRomance de la nada /
_cAlfredo Conde Pausas.
260 _aSanto Domingo :
_bTaller,
_c1978.
300 _a92 p. ;
_c15 cm.
500 _aLibro de versos dividido en cuatro partes.
590 _aInventariado, 2018/BT
650 0 _aPoesía dominicana
_966
650 0 _aLiteratura dominicana.
_967
910 _aValidado. Control de calidad. MMOLINA
999 _c9564
_d9564